[Event "Ruhrgebiet Bezirksliga 16/17"]
[Site "Ruhrgebiet"]
[Date "2016.12.11"]
[Round "5.8"]
[White "Breuer, Mathias"]
[Black "Bertin, Christian"]
[Result "1-0"]
[WhiteElo "1603"]
[BlackElo "1017"]
[PlyCount "85"]
[EventDate "2016.08.28"]
[EventType "team-tourn"]
[EventRounds "11"]
[EventCountry "GER"]
[SourceTitle "EXT 2022"]
[Source "ChessBase"]
[SourceDate "2021.10.06"]
[SourceVersion "1"]
[SourceVersionDate "2021.10.06"]
[SourceQuality "1"]
[WhiteTeam "Hamm SG Caissa"]
[BlackTeam "Ahlen SV II"]
[WhiteTeamCountry "GER"]
[BlackTeamCountry "GER"]

1. e4 c5 2. Bc4 e6 3. Nc3 a6 4. a4 b6 5. d3 Bb7 6. Nf3 d6 7. 0-0 h6 8. Bf4 Be7 9. Qd2 g5 10. Bg3 Nd7 11. h3 h5 12. Rfd1 Nf8 13. Kf1 Nh7 14. d4 g4 15. hxg4 hxg4 16. Ng1 Ng5 17. dxc5 bxc5 18. Bxd6 Nxe4 19. Nxe4 Bxe4 20. Bxe7 Qxd2 21. Rxd2 Nxe7 22. Bd3 Bxd3+ 23. Rxd3 Nc6 24. Rc3 Rh5 25. Rd1 Nb4 26. Rc4 Rg5 27. Ne2 Nc6 28. Ng3 Rd8 29. Rxd8+ Kxd8 30. Ne4 Na5 31. Rxc5 Rxc5 32. Nxc5 Nc4 33. b3 Nd2+ 34. Ke2 Nb1 35. Kd3 Kc7 36. Nxa6+ Kb6 37. Nb4 f5 38. Na2 Na3 39. Kc3 Nb1+ 40. Kd3 e5 41. Nc3 Kc5 42. Nxb1 e4+ 43. Ke3 1-0